000 00297nam a2200109Ia 4500
008 230907s9999||||xx |||||||||||||| ||und||
082 _a621.3126
_bLAR
245 0 _aLarge energy storage systems handbook /
260 _aCRC Press,
_bBoca Raton, Fla. :
_c2011
300 _axv, 244 p. :
942 _cBK
999 _c601446
_d601446